Proceedings of the 20th International Congress of Papyrologists, Copenhagen, Denmark, 23-29 August, 1992 /

محفوظ في:

مؤلف مشترك: International Congress of Papyrologists Copenhagen, Denmark)

مؤلفون آخرون: Bülow-Jacobsen, Adan.

التنسيق: وقائع المؤتمر كتاب

اللغة: English
French
German
Greek
Italian

منشور في: Copenhagen : Museum Tusculanum Press, 1994.

سلاسل: International Congress of Papyrology ; 20.
ICP ; 20.

الموضوعات:

الوسوم: إضافة وسم

لا توجد وسوم, كن أول من يضع وسما على هذه التسجيلة!

رقم الطلب: PA3339 .I6 1992

LEADER 00995namaa2200277 4500
003 OSt
005 20251028100038.0
008 251015s1994 dk a 100 0 eng d
010 |a 95166276 
020 |a 8772892641 
040 |c ARCE Library 
041 0 |a eng  |a fre  |a ger  |a gre  |a ita 
050 4 |a PA3339 .I6 1992  
111 2 |a International Congress of Papyrologists  |n (20th :  |d 1992 :  |c Copenhagen, Denmark) 
245 1 0 |a Proceedings of the 20th International Congress of Papyrologists, Copenhagen, Denmark, 23-29 August, 1992 /   |c collected by Adam Bülow-Jacobsen. 
264 1 |a Copenhagen :   |b Museum Tusculanum Press,   |c 1994. 
300 |a 623 p. :   |b Illustrations ;   |c 30 cm. 
490 0 |a International Congress of Papyrology ;   |v 20. 
490 0 |a ICP ;   |v 20. 
546 |a English, French, German, Greek, and Italian. 
555 |a Nabil 
650 0 |a Manuscripts (Papyri)  |v Congresses. 
700 1 |a Bülow-Jacobsen, Adan.  |9 27498 
901 |a reviewed 
942 |c BK  |2 lcc 
999 |c 21332  |d 21332